000 00779nam0a22002651 4500
001 v19\rc\1286828
005 20250618012800.0
035 _a(NLR Aleph) 004435567
090 _a4328887
_c4328887
100 _a20060306d1848 |||y0rusy50 ca
101 0 _arus
102 _aRU
105 _aa z |||||
200 1 _aПравила для шахматной военной игры
_fП.М.
210 _aСанкт-Петербург
_cтип. Штаба отд. корп. вн. стражи
_d1848
215 _a[3], 20 с., 2 л. черт.
_d21
701 0 _aП.М.
801 0 _aRU
_bNLR
_gpsbo
801 0 _aRU
_bRuMoRGB
_2psbo
801 1 _aRU
_bProSoft-M
_2rusmarc
852 _aNLR
_j18.94.1.415
899 _aБАН
899 _aНБ СПбГУ
942 _cBOOK
980 _aNB